Best Centers NBA 2024 - Statistics

General Stats
  • This quiz has been taken 279 times
  • The average score is 14 of 15
Answer Stats
# Team Answer % Correct
2 76ers Joel Embiid
100%
1 Nuggets Nikola Jokic
100%
3 Lakers Anthony Davis
99%
5 Kings Domantas Sabonis
98%
6 Spurs Victor Wembanyama
98%
4 Heat Bam Adebayo
97%
14 Bucks Brook Lopez
94%
10 Timberwolves Rudy Gobert
94%
7 Thunder Chet Holmgren
92%
12 Cavaliers Jarrett Allen
90%
9 Rockets Alperen Sengun
86%
11 Pacers Myles Turner
85%
13 Pelicans Jonas Valanciunas
80%
8 Nets Nicolas Claxton
77%
15 Pistons Jalen Duren
72%
No matching quizzes found
Score Distribution
Percent of People with Each Score
Percentile by Number Answered
Your Score History
You have not taken this quiz